Catalog

Record Details

Catalog Search



Her stories : African American folktales, fairy ... Read More

Dillon, Leo.(Added Author).

Available copies

  • 1 of 1 copy available at LARL/NWRL Consortium. (Show)
  • 1 of 1 copy available at Lake Agassiz Regional Library.

Current holds

0 current holds with 1 total copy.

Show Only Available Copies
Location Call Number / Copy Notes Barcode Shelving Location Status Due Date
Moorhead Public Library J 398.2 Ham (Text) 33500004438834 Main Available -

Record details

  • ISBN: 0590473700
  • Physical Description: 112 p. : col. ill. ; 29 cm.
  • Publisher: New York : Blue Sky Press, c1995.
Subject: African American women > Folklore.
LDR 01168cam a22002898a 4500
00116363
003LARL_NWRL_CONSORTIUM
00519951128210537.0
008940726s1995 nyu 000 0 eng
010 . ‡a94033055 /AC
020 . ‡a0590473700
035 . ‡a(OCoLC)30915948
040 . ‡aDLC ‡cDLC ‡dKRL
043 . ‡an-us---
08200. ‡a398.2/082 ‡220
092 . ‡a398.2082 H
1001 . ‡aHamilton, Virginia. ‡0(LARL_NWRL_CONSORTIUM)59445
24510. ‡aHer stories : ‡bAfrican American folktales, fairy tales, and true tales / ‡ctold by Virginia Hamilton ; illustrated by Leo & Diane Dillon.
260 . ‡aNew York : ‡bBlue Sky Press, ‡cc1995.
300 . ‡a112 p. : ‡bcol. ill. ; ‡c29 cm.
650 0. ‡aAfrican American women ‡xFolklore.
7001 . ‡aDillon, Leo. ‡0(LARL_NWRL_CONSORTIUM)48780
901 . ‡a16363 ‡bOCLC ‡c16363 ‡tbiblio

Additional Resources